000 00328nam a2200157Ia 4500
003 OSt
005 20231221103634.0
008 170524s9999 xx 000 0 und d
020 _a812650904X
040 _cIIMT
100 _aHaykin S
245 0 _aCommunication System
260 _bWiley
260 _c2006
942 _2ddc
_c02
999 _c4881
_d4881